Markets (Record no. 83006)
[ view plain ]
| 000 -LEADER | |
|---|---|
| fixed length control field | 01229cab a22002175a 4500 |
| 001 - CONTROL NUMBER | |
| control field | L152581 |
| 008 - FIXED-LENGTH DATA ELEMENTS--GENERAL INFORMATION | |
| fixed length control field | 110330e20110311xxk 000 0 eng d |
| 035 ## - SYSTEM CONTROL NUMBER | |
| System control number | (Sirsi) u152581 |
| 041 0# - LANGUAGE CODE | |
| Language code of text/sound track or separate title | eng |
| 100 1# - MAIN ENTRY--PERSONAL NAME | |
| Personal name | Sandher, Hardeep |
| 245 00 - TITLE STATEMENT | |
| Title | Markets |
| Remainder of title | Yorkshire and Lincolnshire |
| 260 ## - PUBLICATION, DISTRIBUTION, ETC. | |
| Date of publication, distribution, etc. | 2011 |
| 490 #0 - SERIES STATEMENT | |
| Series statement | Property Week |
| Volume/sequential designation | 77(10) 11 March 2011, 47-56(5) |
| 520 ## - SUMMARY, ETC. | |
| Summary, etc. | LPA receivers bring former Lehman Brothers owned 97 000 sq ft Lateral office building in Leeds to the market. Overview of regional LEP developments in Sheffield, Hull, East Riding and Scarborough, York and North Yorkshire; and Lincolnshire. Leeds City Council discusses options to develop the area around Leeds Arena (March 2013 completion). April start for York Investors' new £32m HQ for York Council, the Council House. Rotherham Borough Council hopes to appoint by the end of 2011 a new developer by the end of 2011 for its Yes project site, potentially the largest leisure-based resort in Europe. |
| 590 ## - LOCAL NOTE (RLIN) | |
| Local note | KA |
| 651 #4 - SUBJECT ADDED ENTRY--GEOGRAPHIC NAME | |
| Geographic name | Yorkshire |
| Chronological subdivision | 1888- |
| 651 #4 - SUBJECT ADDED ENTRY--GEOGRAPHIC NAME | |
| Geographic name | Lincolnshire |
| 690 ## - LOCAL SUBJECT ADDED ENTRY--TOPICAL TERM (OCLC, RLIN) | |
| Topical term or geographic name as entry element | PROPERTY-COMMERCIAL PROPERTY-COMMERCIAL PROPERTY MARKET |
| 690 ## - LOCAL SUBJECT ADDED ENTRY--TOPICAL TERM (OCLC, RLIN) | |
| Topical term or geographic name as entry element | PROPERTY-COMMERCIAL PROPERTY-COMMERCIAL PROPERTY FINANCE AND INVESTMENT |
| 942 ## - ADDED ENTRY ELEMENTS (KOHA) | |
| Suppress in OPAC | 0 |
| Withdrawn status | Lost status | Source of classification or shelving scheme | Damaged status | Not for loan | Home library | Current library | Shelving location | Date acquired | Total Checkouts | Full call number | Barcode | Date last seen | Copy number | Price effective from | Koha item type |
|---|---|---|---|---|---|---|---|---|---|---|---|---|---|---|---|
| Dewey Decimal Classification | London | London | Journal article | 30/03/2011 | L152581 | 152581-1001 | 06/08/2019 | 1 | 06/08/2019 | Journal article |